[Event "Titled Tuesday intern op 23rd Feb"]
[Site "Chess.com INT"]
[Date "2021.02.23"]
[Round "4"]
[White "Kashlinskaya, Alina"]
[Black "Nemtzev, Igor"]
[Result "1-0"]
[WhiteElo "2494"]
[BlackElo "2137"]
[PlyCount "35"]
[EventDate "2021.02.23"]
[EventType "swiss (blitz)"]
[EventRounds "11"]
[EventCountry "USA"]
[SourceTitle "CBM 200 Extra"]
[Source "ChessBase"]
[SourceDate "2021.03.31"]
[SourceVersion "1"]
[SourceVersionDate "2021.03.31"]
[SourceQuality "1"]

1. c4 c6 2. d4 d6 3. Nf3 h6 4. Nc3 g5 5. h3 Bg7 6. e4 Nd7 7. Be2 Nf8 8. Be3 Ng6 9. Qd2 Qa5 10. g3 a6 11. h4 Bg4 12. hxg5 hxg5 13. Rxh8 Bxh8 14. Nxg5 Bxe2 15. Nxe2 Qa4 16. Qc3 Nf6 17. b3 Qa3 18. Bc1 1-0

[Event "Titled Tuesday intern op 23rd Feb"]
[Site "Chess.com INT"]
[Date "2021.02.23"]
[Round "9"]
[White "Nemtzev, Igor"]
[Black "Herrera Reyes, Jose Antonio"]
[Result "1-0"]
[WhiteElo "2137"]
[BlackElo "2304"]
[PlyCount "79"]
[EventDate "2021.02.23"]
[EventType "swiss (blitz)"]
[EventRounds "11"]
[EventCountry "USA"]
[SourceTitle "CBM 200 Extra"]
[Source "ChessBase"]
[SourceDate "2021.03.31"]
[SourceVersion "1"]
[SourceVersionDate "2021.03.31"]
[SourceQuality "1"]

1. d4 Nf6 2. Bf4 c5 3. e3 g6 4. c3 Bg7 5. Nf3 0-0 6. Nbd2 d6 7. Be2 Nbd7 8. 0-0 a6 9. h3 b6 10. a4 Bb7 11. Bh2 Rc8 12. Qb3 Qc7 13. Rfc1 Qb8 14. Nc4 Bd5 15. Qd1 b5 16. axb5 axb5 17. Na5 c4 18. Nd2 Qb6 19. f3 Ra8 20. b4 cxb3 21. Ndxb3 e5 22. e4 exd4 23. cxd4 Bxb3 24. Nxb3 Rxa1 25. Rxa1 Nh5 26. Kh1 d5 27. e5 Bh6 28. Qc2 Nf4 29. Bf1 Ne6 30. Qd3 b4 31. g3 f6 32. f4 fxe5 33. dxe5 d4 34. Ra6 Qb7+ 35. Bg2 Nec5 36. Qc4+ Kh8 37. Bxb7 Nxb7 38. Ra7 Nb6 39. Qb5 Rc8 40. Qxb6 1-0

[Event "Titled Tuesday intern op 23rd Feb"]
[Site "Chess.com INT"]
[Date "2021.02.23"]
[Round "11"]
[White "Villegas, Pierre"]
[Black "Nemtzev, Igor"]
[Result "1-0"]
[WhiteElo "2367"]
[BlackElo "2137"]
[PlyCount "69"]
[EventDate "2021.02.23"]
[EventType "swiss (blitz)"]
[EventRounds "11"]
[EventCountry "USA"]
[SourceTitle "CBM 200 Extra"]
[Source "ChessBase"]
[SourceDate "2021.03.31"]
[SourceVersion "1"]
[SourceVersionDate "2021.03.31"]
[SourceQuality "1"]

1. d4 c6 2. c4 d6 3. Nc3 h6 4. e4 g5 5. h4 g4 6. Nge2 Bg7 7. Be3 h5 8. Ng3 Qa5 9. Qd2 a6 10. Bd3 Be6 11. d5 Bc8 12. Be2 c5 13. f3 gxf3 14. gxf3 Nd7 15. f4 Ngf6 16. Nf5 Bf8 17. 0-0-0 b5 18. cxb5 axb5 19. Bxb5 Nxe4 20. Nxe4 Qxb5 21. Rhe1 Kd8 22. Nc3 Qb4 23. Bf2 Nb6 24. Re4 Nc4 25. Qe2 Bxf5 26. Rxc4 Qa5 27. Ra4 Qxa4 28. Nxa4 Rxa4 29. Qb5 Rb4 30. Qa5+ Kd7 31. Qa7+ Kc8 32. Be1 Rb7 33. Qa8+ Rb8 34. Qc6+ Kd8 35. Ba5+ 1-0

[Event "Titled Tuesday intern op 16th Feb"]
[Site "Chess.com INT"]
[Date "2021.02.16"]
[Round "1"]
[White "Nemtzev, Igor"]
[Black "Firat, Burak"]
[Result "1/2-1/2"]
[WhiteElo "2137"]
[BlackElo "2466"]
[PlyCount "134"]
[EventDate "2021.02.16"]
[EventType "swiss (blitz)"]
[EventRounds "11"]
[EventCountry "USA"]
[SourceTitle "EXT 2022"]
[Source "ChessBase"]
[SourceDate "2021.10.06"]
[SourceVersion "1"]
[SourceVersionDate "2021.10.06"]
[SourceQuality "1"]

1. d4 f5 2. Nc3 d5 3. Bf4 e6 4. e3 Nf6 5. Nf3 Be7 6. Ne5 a6 7. Bd3 c5 8. h3 c4 9. Be2 b5 10. g4 0-0 11. gxf5 exf5 12. Rg1 Qe8 13. Bh6 g6 14. Bxf8 Bxf8 15. Bf3 Bb7 16. Ne2 Nbd7 17. Nxd7 Qxd7 18. Nf4 Bd6 19. Qd2 b4 20. c3 a5 21. h4 Re8 22. Kf1 Kf7 23. h5 Rg8 24. hxg6+ hxg6 25. Nh3 Qe7 26. Ng5+ Ke8 27. b3 Ba6 28. Be2 bxc3 29. Qxc3 Bb4 30. Qc2 Ng4 31. Nf3 Qc7 32. bxc4 dxc4 33. Rc1 Ke7 34. d5 Rc8 35. Nd4 Qh2 36. Bxg4 fxg4 37. Qxg6 c3+ 38. Qxa6 Rf8 39. Qe6+ Kd8 40. Nf5 Qh3+ 41. Ke2 Qf3+ 42. Kd3 Rxf5 43. d6 Rd5+ 44. Kc2 Rxd6 45. Qg8+ Kc7 46. Qxg4 Rd2+ 47. Kb3 Qd5+ 48. Qc4+ Qxc4+ 49. Kxc4 Rxa2 50. f4 Rf2 51. Rgf1 Re2 52. Rce1 Rg2 53. f5 c2 54. Rc1 Ba3 55. e4 Bxc1 56. Rxc1 Kd6 57. Kd4 Rd2+ 58. Ke3 Rh2 59. Kd3 Ke5 60. Rxc2 Rh3+ 61. Kc4 Kxe4 62. Rf2 Rh8 63. f6 Rf8 64. f7 Ke5 65. Kb5 Ke6 66. Kxa5 Rxf7 67. Rxf7 Kxf7 1/2-1/2

[Event "Titled Tuesday intern op 16th Feb"]
[Site "Chess.com INT"]
[Date "2021.02.16"]
[Round "4"]
[White "Nemtzev, Igor"]
[Black "Nasir, Zehn"]
[Result "1-0"]
[WhiteElo "2137"]
[BlackElo "2057"]
[PlyCount "97"]
[EventDate "2021.02.16"]
[EventType "swiss (blitz)"]
[EventRounds "11"]
[EventCountry "USA"]
[SourceTitle "EXT 2022"]
[Source "ChessBase"]
[SourceDate "2021.10.06"]
[SourceVersion "1"]
[SourceVersionDate "2021.10.06"]
[SourceQuality "1"]

1. d4 Nf6 2. Bf4 d5 3. e3 c5 4. c3 Nc6 5. Nd2 Qb6 6. Qb3 c4 7. Qc2 Bg4 8. e4 e6 9. Be2 Bxe2 10. Nxe2 Be7 11. 0-0 0-0 12. Rae1 Nxe4 13. Nxe4 dxe4 14. Qxe4 Bf6 15. Bd6 Rfd8 16. Ba3 Qc7 17. f4 Ne7 18. Bxe7 Qxe7 19. f5 exf5 20. Qxf5 Re8 21. Nf4 Qxe1 22. Rxe1 Rxe1+ 23. Kf2 Rae8 24. g3 a6 25. Kg2 b5 26. Nd5 R1e2+ 27. Kh3 Bd8 28. Qd7 R2e6 29. Nf4 Rh6+ 30. Kg2 Rf8 31. d5 Bg5 32. d6 f5 33. Nd5 f4 34. Ne7+ Kh8 35. gxf4 Bxf4 36. Nf5 Rg6+ 37. Kh3 Rg5 38. Ne7 Re5 39. Qc6 Re3+ 40. Kg4 Bh6 41. d7 Rxe7 42. Qc8 Ref7 43. d8Q Rf4+ 44. Kg3 g6 45. Qdd7 Rf3+ 46. Kg4 R3f7 47. Qxf7 Bg7 48. Qfxf8+ Bxf8 49. Qxf8# 1-0

[Event "Titled Tuesday intern op 16th Feb"]
[Site "Chess.com INT"]
[Date "2021.02.16"]
[Round "6"]
[White "Nemtzev, Igor"]
[Black "Titus, Andrew L"]
[Result "0-1"]
[WhiteElo "2137"]
[BlackElo "2158"]
[PlyCount "74"]
[EventDate "2021.02.16"]
[EventType "swiss (blitz)"]
[EventRounds "11"]
[EventCountry "USA"]
[SourceTitle "EXT 2022"]
[Source "ChessBase"]
[SourceDate "2021.10.06"]
[SourceVersion "1"]
[SourceVersionDate "2021.10.06"]
[SourceQuality "1"]

1. d4 d5 2. Bf4 Nf6 3. e3 e6 4. Nd2 Bd6 5. Bg3 0-0 6. Bd3 Nbd7 7. Ngf3 b6 8. Ne5 Bb7 9. Qf3 Qe7 10. c3 c5 11. 0-0 Rac8 12. Nxd7 Nxd7 13. Bxd6 Qxd6 14. Qh5 g6 15. Qh6 e5 16. Bf5 exd4 17. exd4 cxd4 18. cxd4 Rce8 19. Bxd7 Qxd7 20. Nf3 f6 21. h4 Re4 22. Rac1 Rg4 23. Rfe1 Ba6 24. Qe3 Re4 25. Qa3 Be2 26. Nd2 Ree8 27. Qg3 Rf7 28. Rc3 Ba6 29. Rec1 Rfe7 30. Nf3 Be2 31. Rc7 Qe6 32. h5 Kg7 33. h6+ Kxh6 34. Qh4+ Kg7 35. Re1 Rxc7 36. Qf4 Rce7 37. g4 Qe4 0-1

[Event "Titled Tuesday intern op 14th July"]
[Site "Chess.com INT"]
[Date "2020.07.14"]
[Round "4"]
[White "Wieczorek, Oskar"]
[Black "Nemtzev, Igor"]
[Result "1-0"]
[WhiteElo "2500"]
[BlackElo "2137"]
[PlyCount "59"]
[EventDate "2020.07.14"]
[EventType "swiss (blitz)"]
[EventRounds "10"]
[EventCountry "USA"]
[SourceTitle "CBM 197 Extra"]
[Source "ChessBase"]
[SourceDate "2020.09.30"]
[SourceVersion "1"]
[SourceVersionDate "2020.09.30"]
[SourceQuality "1"]

1. g3 g6 2. Bg2 Bg7 3. a4 e5 4. a5 a6 5. Ra3 Ne7 6. h4 0-0 7. h5 d5 8. h6 Bh8 9. d3 Nbc6 10. c3 f5 11. Nh3 e4 12. d4 Bf6 13. Nd2 e3 14. Nf3 exf2+ 15. Kxf2 Kh8 16. Nhg5 Ng8 17. Bf4 Qe7 18. c4 dxc4 19. Re3 Qd8 20. d5 Nce7 21. Ne5 Qe8 22. d6 cxd6 23. Qxd6 c3 24. bxc3 Ra7 25. Qb6 Ra8 26. Qd6 Ra7 27. Bd5 Nxd5 28. Qxf8 Qxf8 29. Nef7+ Qxf7 30. Nxf7# 1-0

[Event "Titled Tuesday intern op 6th June"]
[Site "Chess.com INT"]
[Date "2020.06.02"]
[Round "6"]
[White "Piesik, Piotr"]
[Black "Nemtzev, Igor"]
[Result "1-0"]
[WhiteElo "2418"]
[BlackElo "2137"]
[PlyCount "93"]
[EventDate "2020.06.02"]
[EventType "swiss (blitz)"]
[EventRounds "10"]
[EventCountry "USA"]
[SourceTitle "CBM 196 Extra"]
[Source "ChessBase"]
[SourceDate "2020.07.31"]
[SourceVersion "1"]
[SourceVersionDate "2020.07.31"]
[SourceQuality "1"]

1. Nf3 c6 2. g3 d6 3. Bg2 h6 4. d4 g5 5. 0-0 Bg7 6. e4 Nd7 7. c3 g4 8. Nfd2 h5 9. f4 gxf3 10. Qxf3 Ngf6 11. Nc4 b5 12. Ne3 Qb6 13. Nf5 Rg8 14. Bg5 Bh8 15. Bh4 Ne5 16. Qe2 Bxf5 17. Rxf5 Ng6 18. Bxf6 Bxf6 19. Nd2 h4 20. g4 h3 21. Bxh3 0-0-0 22. Kh1 Kb8 23. g5 Bg7 24. Rxf7 e5 25. Raf1 Nf4 26. R1xf4 exf4 27. Rxf4 Rh8 28. Bf5 Bxd4 29. cxd4 Qxd4 30. Nf3 Qc5 31. Kg2 Qc1 32. Qd2 Qc5 33. g6 d5 34. e5 Rdg8 35. h4 Qe7 36. Rg4 Rg7 37. Qg5 Qc5 38. h5 Rc7 39. g7 d4 40. gxh8Q+ Kb7 41. Qgd8 Qc1 42. Qb8+ Ka6 43. Bc8+ Ka5 44. Qxc7+ Kb4 45. Qf8+ c5 46. Rxd4+ Qc4 47. Qfxc5+ 1-0

[Event "Titled Tuesday intern op 6th June"]
[Site "Chess.com INT"]
[Date "2020.06.02"]
[Round "3"]
[White "Storch, Lawrence A"]
[Black "Nemtzev, Igor"]
[Result "0-1"]
[WhiteElo "2082"]
[BlackElo "2137"]
[PlyCount "60"]
[EventDate "2020.06.02"]
[EventType "swiss (blitz)"]
[EventRounds "10"]
[EventCountry "USA"]
[SourceTitle "CBM 196 Extra"]
[Source "ChessBase"]
[SourceDate "2020.07.31"]
[SourceVersion "1"]
[SourceVersionDate "2020.07.31"]
[SourceQuality "1"]

1. d4 Nf6 2. c4 g6 3. Nc3 Bg7 4. e4 d6 5. Nf3 0-0 6. Be2 e5 7. 0-0 Nbd7 8. Be3 Ng4 9. Bg5 f6 10. Bd2 c6 11. h3 Nh6 12. Be3 Qe7 13. Qd2 Nf7 14. Rfd1 a6 15. Rac1 Re8 16. d5 c5 17. Qc2 Rf8 18. a3 Bh6 19. Bxh6 Nxh6 20. b4 b6 21. Rb1 f5 22. Ne1 Nf6 23. Bf3 Nf7 24. Nd3 Ng5 25. bxc5 Nxf3+ 26. gxf3 bxc5 27. Qe2 Nh5 28. Kh2 Qh4 29. Rg1 fxe4 30. Nxe4 Qxh3# 0-1

[Event "Titled Tuesday intern op 12th May"]
[Site "Chess.com INT"]
[Date "2020.05.12"]
[Round "8"]
[White "Horak, Martin"]
[Black "Nemtzev, Igor"]
[Result "1-0"]
[WhiteElo "2331"]
[BlackElo "2137"]
[PlyCount "69"]
[EventDate "2020.05.12"]
[EventType "swiss (blitz)"]
[EventRounds "10"]
[EventCountry "USA"]
[SourceTitle "EXT 2021"]
[Source "ChessBase"]
[SourceDate "2020.10.23"]
[SourceVersion "1"]
[SourceVersionDate "2020.10.23"]
[SourceQuality "1"]

1. e4 c6 2. Nf3 d5 3. d3 Nf6 4. e5 Nfd7 5. e6 fxe6 6. d4 e5 7. dxe5 e6 8. Bd3 Be7 9. h4 c5 10. c4 d4 11. Qe2 Nc6 12. a3 Qc7 13. Bf4 a6 14. 0-0 0-0 15. Qe4 g6 16. h5 Rf5 17. hxg6 hxg6 18. g4 Nf8 19. gxf5 gxf5 20. Qe2 Ng6 21. Bd2 Bd7 22. Kg2 Kf7 23. Rh1 Rg8 24. Rh7+ Ke8 25. Kf1 Na5 26. b4 Nb3 27. Ra2 Bc6 28. Rb2 Nxd2+ 29. Nbxd2 b6 30. Ke1 Nf4 31. Qf1 Qb7 32. Nh4 Bg2 33. Nxg2 Nxg2+ 34. Kd1 Qf3+ 35. Nxf3 1-0

[Event "Titled Tuesday intern op 12th May"]
[Site "Chess.com INT"]
[Date "2020.05.12"]
[Round "7"]
[White "Nemtzev, Igor"]
[Black "Yaniuk, Volodymyr"]
[Result "1-0"]
[WhiteElo "2137"]
[BlackElo "2233"]
[PlyCount "131"]
[EventDate "2020.05.12"]
[EventType "swiss (blitz)"]
[EventRounds "10"]
[EventCountry "USA"]
[SourceTitle "EXT 2021"]
[Source "ChessBase"]
[SourceDate "2020.10.23"]
[SourceVersion "1"]
[SourceVersionDate "2020.10.23"]
[SourceQuality "1"]

1. d4 d5 2. Bf4 Nf6 3. e3 c5 4. c3 Nc6 5. Nd2 Qb6 6. Qb3 g6 7. Ngf3 Bg7 8. Be2 0-0 9. Qxb6 axb6 10. 0-0 c4 11. h3 b5 12. a3 Nd7 13. e4 Nb6 14. Bc7 dxe4 15. Bxb6 exf3 16. Bxf3 Bf5 17. Rfe1 e6 18. Ne4 Bxe4 19. Bxe4 Ra6 20. Bc5 Rd8 21. Rad1 b6 22. Bb4 Nxb4 23. axb4 Ra2 24. Re2 e5 25. d5 f5 26. Bb1 Ra1 27. f3 Rd6 28. Kf2 Kf8 29. Ree1 Ke7 30. g4 Kf6 31. h4 h6 32. h5 gxh5 33. gxf5 Kf7 34. Rg1 Bf6 35. Ke3 Bg5+ 36. Ke4 Kf6 37. Rh1 h4 38. Rhg1 Ra7 39. Bc2 Rad7 40. Rg2 Rd8 41. Rh2 Ra8 42. Rdh1 Ra2 43. Bb1 Ra1 44. Bc2 Ra2 45. Bb1 Ra4 46. Rxh4 Bxh4 47. Rxh4 Kg7 48. Rg4+ Kf8 49. Rg6 Rd8 50. Kxe5 Ra1 51. Be4 Re8+ 52. Kf4 Ra2 53. Rxb6 Rxb2 54. Rxb5 Rb3 55. Rb7 Rxc3 56. f6 Rc1 57. Kf5 Rf1 58. Kg6 Rxe4 59. fxe4 Ke8 60. Rb8+ Kd7 61. f7 c3 62. f8Q Rxf8 63. Rxf8 c2 64. Rf1 Kd6 65. Rc1 Ke5 66. Rxc2 1-0

[Event "Titled Tuesday intern op 5th May"]
[Site "Chess.com INT"]
[Date "2020.05.05"]
[Round "2"]
[White "Nemtzev, Igor"]
[Black "Petrosyan, Manuel"]
[Result "0-1"]
[WhiteElo "2137"]
[BlackElo "2607"]
[PlyCount "76"]
[EventDate "2020.05.05"]
[EventType "swiss (blitz)"]
[EventRounds "10"]
[EventCountry "USA"]
[SourceTitle "EXT 2021"]
[Source "ChessBase"]
[SourceDate "2020.10.23"]
[SourceVersion "1"]
[SourceVersionDate "2020.10.23"]
[SourceQuality "1"]

1. d4 Nf6 2. Bf4 g6 3. e3 Bg7 4. Nf3 d6 5. Be2 0-0 6. 0-0 Nc6 7. Nc3 Nh5 8. Bg5 h6 9. Bh4 g5 10. Nd2 gxh4 11. Bxh5 h3 12. g3 e5 13. d5 Ne7 14. e4 c6 15. Nc4 cxd5 16. exd5 f5 17. Nb5 Rf6 18. a4 a6 19. Nc3 Qc7 20. Be2 b6 21. a5 b5 22. Nb6 Rb8 23. Nxc8 Rxc8 24. Re1 e4 25. Bf1 Rff8 26. Bxh3 Bxc3 27. bxc3 Qxc3 28. Qh5 Kg7 29. Rac1 Qe5 30. c3 Nxd5 31. Red1 Nxc3 32. Rf1 d5 33. Rce1 d4 34. Qh4 d3 35. f4 Qf6 36. Qh5 d2 37. Ra1 e3 38. Qf3 e2 0-1

[Event "Titled Tuesday intern op 3rd March"]
[Site "Chess.com INT"]
[Date "2020.03.03"]
[Round "3"]
[White "Nemtzev, Igor"]
[Black "Doshi, Moksh Amitbhai"]
[Result "0-1"]
[WhiteElo "2137"]
[BlackElo "2332"]
[PlyCount "72"]
[EventDate "2020.03.03"]
[EventType "swiss (blitz)"]
[EventRounds "10"]
[EventCountry "USA"]
[SourceTitle "EXT 2021"]
[Source "ChessBase"]
[SourceDate "2020.10.23"]
[SourceVersion "1"]
[SourceVersionDate "2020.10.23"]
[SourceQuality "1"]

1. d4 f5 2. Nc3 Nf6 3. Bg5 d5 4. Bxf6 exf6 5. e3 c6 6. Bd3 Qb6 7. Rb1 Bb4 8. Nge2 Be6 9. 0-0 g6 10. Nf4 Bf7 11. Nce2 Nd7 12. h4 g5 13. Nh3 h6 14. Bxf5 0-0-0 15. b3 Kb8 16. c4 dxc4 17. bxc4 Bxc4 18. a3 Qa6 19. Rxb4 Bxe2 20. Qc1 Bxf1 21. Qxf1 Qxf1+ 22. Kxf1 Nb6 23. Bc2 Rd5 24. h5 Kc7 25. Rb1 Ra5 26. Rb3 Nc4 27. Rc3 b5 28. Bg6 Rxa3 29. Rc1 a5 30. f4 a4 31. fxg5 fxg5 32. e4 Rf8+ 33. Kg1 Ra2 34. d5 a3 35. dxc6 Kxc6 36. Nf2 Rfxf2 0-1

[Event "Titled Tuesday intern op 3rd March"]
[Site "Chess.com INT"]
[Date "2020.03.03"]
[Round "7"]
[White "Nemtzev, Igor"]
[Black "Gogolev, Artem"]
[Result "0-1"]
[WhiteElo "2137"]
[BlackElo "2327"]
[PlyCount "86"]
[EventDate "2020.03.03"]
[EventType "swiss (blitz)"]
[EventRounds "10"]
[EventCountry "USA"]
[SourceTitle "EXT 2021"]
[Source "ChessBase"]
[SourceDate "2020.10.23"]
[SourceVersion "1"]
[SourceVersionDate "2020.10.23"]
[SourceQuality "1"]

1. d4 Nf6 2. Bf4 g6 3. e3 Bg7 4. Nf3 0-0 5. Be2 d6 6. 0-0 Nh5 7. Bg5 h6 8. Bh4 g5 9. Nfd2 Nf4 10. exf4 gxh4 11. c3 c5 12. dxc5 dxc5 13. Nf3 Qc7 14. Nxh4 Qxf4 15. g3 Qf6 16. Nd2 Nc6 17. Ne4 Qe5 18. Bf3 Bh3 19. Re1 Rad8 20. Qb3 b6 21. Qa4 Qc7 22. Nxc5 Ne5 23. Ne4 Nxf3+ 24. Nxf3 e6 25. Rad1 Rxd1 26. Rxd1 Rd8 27. Rxd8+ Qxd8 28. Qc2 Qd5 29. Ned2 Qxa2 30. Qc1 Qd5 31. Qe1 a5 32. Qe3 Bf5 33. Kg2 b5 34. h3 a4 35. g4 Bg6 36. Kg1 Bf8 37. Nd4 b4 38. cxb4 Bxb4 39. N2f3 Bc5 40. Qc3 Be4 41. Qa5 Bxf3 42. Nxf3 Bxf2+ 43. Kxf2 Qxa5 0-1

[Event "Titled Tuesday intern op 4th Febr"]
[Site "Chess.com INT"]
[Date "2020.02.04"]
[Round "7"]
[White "Nemtzev, Igor"]
[Black "Leveikina, Jevgenija"]
[Result "1-0"]
[WhiteElo "2137"]
[BlackElo "2070"]
[PlyCount "85"]
[EventDate "2020.02.04"]
[EventType "swiss (blitz)"]
[EventRounds "10"]
[EventCountry "USA"]
[SourceTitle "EXT 2021"]
[Source "ChessBase"]
[SourceDate "2020.10.23"]
[SourceVersion "1"]
[SourceVersionDate "2020.10.23"]
[SourceQuality "1"]

1. d4 d5 2. Bf4 c5 3. e3 cxd4 4. exd4 Nc6 5. c3 Nf6 6. Nd2 Bf5 7. Ngf3 e6 8. Qb3 Qc8 9. Nh4 Bg6 10. Nxg6 hxg6 11. h3 Be7 12. Be2 0-0 13. 0-0 Qd7 14. Nf3 Ne4 15. Rfe1 Bd6 16. Bxd6 Nxd6 17. Bd3 a6 18. h4 b5 19. a3 Na5 20. Qc2 Nac4 21. b3 Nb6 22. Ne5 Qd8 23. g3 Rc8 24. Rac1 Nf5 25. Qe2 Qe7 26. Qg4 Qxa3 27. h5 gxh5 28. Qxh5 g6 29. Qg4 Nh6 30. Qh3 Kg7 31. Kg2 Qe7 32. Rh1 Rh8 33. Rce1 Rxc3 34. Nxg6 fxg6 35. Rxe6 Qg5 36. Rxg6+ Qxg6 37. Bxg6 Kxg6 38. Qe6+ Kg7 39. Qxb6 Rcc8 40. Qxa6 Rcf8 41. Qxb5 Ng4 42. Rxh8 Kxh8 43. f4 1-0

[Event "Titled Tuesday intern op 4th Febr"]
[Site "Chess.com INT"]
[Date "2020.02.04"]
[Round "4"]
[White "Palachev, Petr"]
[Black "Nemtzev, Igor"]
[Result "1-0"]
[WhiteElo "2387"]
[BlackElo "2137"]
[PlyCount "71"]
[EventDate "2020.02.04"]
[EventType "swiss (blitz)"]
[EventRounds "10"]
[EventCountry "USA"]
[SourceTitle "EXT 2021"]
[Source "ChessBase"]
[SourceDate "2020.10.23"]
[SourceVersion "1"]
[SourceVersionDate "2020.10.23"]
[SourceQuality "1"]

1. d4 c6 2. c4 d6 3. h4 Nf6 4. f3 Nbd7 5. g4 e5 6. d5 cxd5 7. cxd5 e4 8. Nc3 exf3 9. exf3 Be7 10. Be2 0-0 11. Nh3 Ne5 12. Nf2 b5 13. g5 Nh5 14. f4 Ng3 15. fxe5 Nxh1 16. Nxh1 dxe5 17. Bxb5 Qb6 18. Nf2 Bb4 19. Qe2 Bf5 20. Bd3 e4 21. Bc2 Rfe8 22. Be3 Qa5 23. Kf1 Rac8 24. Bxe4 Bxc3 25. Bxf5 Rcd8 26. bxc3 Qxc3 27. Re1 Rxd5 28. Be4 Rde5 29. Qf3 Rxe4 30. Nxe4 Qc4+ 31. Kf2 Rxe4 32. Bxa7 Qxa2+ 33. Kg3 f5 34. Rxe4 fxe4 35. Qxe4 Qxa7 36. Qe8# 1-0

[Event "Titled Tuesday intern op 4th Febr"]
[Site "Chess.com INT"]
[Date "2020.02.04"]
[Round "1"]
[White "Yuan, Qingyu"]
[Black "Nemtzev, Igor"]
[Result "1-0"]
[WhiteElo "2373"]
[BlackElo "2137"]
[PlyCount "59"]
[EventDate "2020.02.04"]
[EventType "swiss (blitz)"]
[EventRounds "10"]
[EventCountry "USA"]
[SourceTitle "EXT 2021"]
[Source "ChessBase"]
[SourceDate "2020.10.23"]
[SourceVersion "1"]
[SourceVersionDate "2020.10.23"]
[SourceQuality "1"]

1. e4 c6 2. d4 d5 3. exd5 cxd5 4. Bd3 Nc6 5. c3 Nf6 6. Nf3 Bg4 7. h3 Bh5 8. 0-0 e6 9. Bf4 Bd6 10. Bxd6 Qxd6 11. Nbd2 0-0 12. Re1 Qc7 13. Nf1 Bg6 14. Ng3 Bxd3 15. Qxd3 Rab8 16. Rec1 b5 17. b4 a5 18. a4 bxa4 19. b5 Na7 20. c4 dxc4 21. Rxc4 Qd8 22. Rc5 Nd5 23. Rxa4 Nb6 24. Rxa5 Nd7 25. Rh5 g6 26. Rxa7 gxh5 27. Nxh5 Nb6 28. Qe3 Kh8 29. Qh6 Rg8 30. Rxf7 1-0

[Event "Titled Tuesday intern op 1st Oct"]
[Site "Chess.com INT"]
[Date "2019.10.01"]
[Round "6"]
[White "Haitin, Ilja"]
[Black "Nemtzev, Igor"]
[Result "1-0"]
[WhiteElo "2521"]
[BlackElo "2137"]
[PlyCount "85"]
[EventDate "2019.10.01"]
[EventType "swiss (blitz)"]
[EventRounds "10"]
[EventCountry "USA"]
[SourceTitle "EXT 2021"]
[Source "ChessBase"]
[SourceDate "2020.10.23"]
[SourceVersion "1"]
[SourceVersionDate "2020.10.23"]
[SourceQuality "1"]

1. d4 c6 2. c4 d6 3. Nc3 h6 4. g3 g5 5. Bg2 Bg7 6. e4 Nd7 7. Nge2 Nf8 8. 0-0 Ng6 9. f4 gxf4 10. Nxf4 Nxf4 11. gxf4 Qb6 12. Be3 Qxb2 13. Qd3 Qa3 14. Rab1 Nf6 15. Rb3 Qa5 16. Bd2 Qh5 17. Ne2 Rg8 18. Kh1 Ng4 19. h3 Nf6 20. e5 Bf5 21. Qe3 Ng4 22. Qf3 d5 23. cxd5 cxd5 24. Kg1 Rd8 25. Ng3 Qg6 26. Nxf5 Qxf5 27. hxg4 Qc2 28. Qd3 Qc8 29. f5 h5 30. Rc1 Qd7 31. Qb5 hxg4 32. Qxd7+ Rxd7 33. Rc8+ Rd8 34. Rxd8+ Kxd8 35. Bxd5 b6 36. Bxf7 Rh8 37. Bg6 Kc7 38. Rc3+ Kb7 39. Rg3 Rd8 40. Be3 Kc6 41. Rxg4 Kd5 42. Bf7+ Kc6 43. Rxg7 1-0

[Event "Titled Tuesday intern op 1st Oct"]
[Site "Chess.com INT"]
[Date "2019.10.01"]
[Round "7"]
[White "Nemtzev, Igor"]
[Black "Coca Cubillos, Jesus Alberto"]
[Result "0-1"]
[WhiteElo "2137"]
[BlackElo "2060"]
[PlyCount "132"]
[EventDate "2019.10.01"]
[EventType "swiss (blitz)"]
[EventRounds "10"]
[EventCountry "USA"]
[SourceTitle "EXT 2021"]
[Source "ChessBase"]
[SourceDate "2020.10.23"]
[SourceVersion "1"]
[SourceVersionDate "2020.10.23"]
[SourceQuality "1"]

1. e4 g6 2. d4 Bg7 3. c3 d6 4. Bd3 Nh6 5. Ne2 0-0 6. 0-0 Kh8 7. Bg5 f6 8. Be3 Nc6 9. h3 e5 10. d5 Ne7 11. Qd2 Neg8 12. c4 g5 13. Ng3 Ne7 14. Nc3 Ng6 15. c5 Nf4 16. cxd6 cxd6 17. Bxf4 gxf4 18. Nf5 Rg8 19. Kh2 Bf8 20. Rac1 a6 21. Qc2 Qe8 22. Be2 Qg6 23. Bf3 Nxf5 24. exf5 Bxf5 25. Qb3 e4 26. Rg1 exf3 27. gxf3 Qf7 28. Rxg8+ Kxg8 29. Rg1+ Bg7 30. Qc4 Kh8 31. Qxf4 Bg6 32. Qxd6 f5 33. f4 Re8 34. Qc5 Rd8 35. d6 Qd7 36. Rd1 Qc6 37. Qxc6 bxc6 38. Na4 Kg8 39. Nc5 Kf7 40. Nxa6 Bxb2 41. Nb4 c5 42. Nc6 Rd7 43. Nb8 Rb7 44. Nc6 Ke8 45. a4 Kd7 46. Na5 Ra7 47. Nc4 Bd4 48. Rb1 Bf7 49. Ne5+ Kxd6 50. Rb6+ Kd5 51. Nd3 Rxa4 52. Rb7 Bg6 53. Rd7+ Ke4 54. Ne5 Bxe5 55. fxe5 Kxe5 56. Re7+ Kf4 57. Rc7 Rc4 58. Kg2 Rc2 59. h4 c4 60. h5 Bxh5 61. Rxh7 Bf3+ 62. Kh3 Rc1 63. Rh4+ Bg4+ 64. Kg2 c3 65. Rh8 Bf3+ 66. Kh2 Rh1# 0-1

[Event "Titled Tuesday intern op 3rd Sept"]
[Site "Chess.com INT"]
[Date "2019.09.03"]
[Round "3"]
[White "Fajdetic, Hrvoje"]
[Black "Nemtzev, Igor"]
[Result "1-0"]
[WhiteElo "2187"]
[BlackElo "2137"]
[PlyCount "75"]
[EventDate "2019.09.03"]
[EventType "swiss (blitz)"]
[EventRounds "10"]
[EventCountry "USA"]
[SourceTitle "EXT 2021"]
[Source "ChessBase"]
[SourceDate "2020.10.23"]
[SourceVersion "1"]
[SourceVersionDate "2020.10.23"]
[SourceQuality "1"]

1. d4 c6 2. Bf4 d6 3. Nc3 h6 4. e4 g5 5. Be3 Bg7 6. Qd2 Nd7 7. f3 Qa5 8. 0-0-0 b5 9. a3 Rb8 10. h4 gxh4 11. Rxh4 Nb6 12. e5 Nc4 13. Bxc4 bxc4 14. exd6 exd6 15. d5 c5 16. Re1 Kf8 17. Bf4 Bxc3 18. Bxd6+ Kg7 19. Be5+ f6 20. Bxc3 Qb6 21. Qf4 Bd7 22. Nh3 h5 23. Ng5 Rh6 24. Ne6+ Bxe6 25. Rxe6 Qd8 26. d6 Kf7 27. Re7+ Nxe7 28. dxe7 Qxe7 29. Qxh6 Qe2 30. Qxh5+ Kf8 31. Re4 Qf1+ 32. Re1 Qxg2 33. Qh8+ Qg8 34. Qxf6+ Qf7 35. Qd6+ Kg8 36. Qxb8+ Kh7 37. Rg1 Qf4+ 38. Qxf4 1-0